Do vozov zapriahali matky! Pred vpádom kočovných Maďarov žili v Karpatskej kotline starí Slováci

Podrobná bibliografia
Hlavný autor: Červeňák, Andrej, 1932-2012 (Autor)
Médium: Článok
Jazyk:slovenčina
Fyzický popis:Fotogr. 1, obr. 2
Predmet:

MARC

LEADER 00000nab a2200000 a 4500
001 vtls000604879
003 SK-MaSNL
005 20260303185102.0
008 160401c1996 xo 0 slo
015 |a SNBRB19rr/mm-uuuuu 
035 |a CL0605018 
040 |a SNKBUCL  |b slo  |c SNKBUCL  |e AACR2 
041 0 |a slo 
044 |a xo  |c SK 
080 |a 940.1(=81):940.1(=945.11)  |2 1981 
080 |a 940.1(=945.11)  |2 1981 
080 |a 943.9  |2 1981 
100 1 |a Červeňák, Andrej,  |d 1932-2012  |4 aut  |9 153402 
245 1 0 |a Do vozov zapriahali matky!  |b Pred vpádom kočovných Maďarov žili v Karpatskej kotline starí Slováci  |c Andrej Červeňák 
300 |b Fotogr. 1, obr. 2 
500 |a Čl. je súčasťou seriálu 
650 0 7 |a Slovania východní  |2 snkbucl  |9 1183770 
650 0 7 |a Maďari  |2 snkbucl  |9 18097 
655 7 |a články z novín a časopisov  |2 snkbucl  |9 267496 
773 0 |t Slovenská republika víkend  |g Roč. 4, č. 48/279 (1996), s. 3 
850 |a Slovenská národná knižnica v Martine  |a MTA001 
852 |a SNK  |b KIS3GCP 
958 |a SS 
958 |a HU 
958 |a RK 
958 |a RBX 
999 |c 2129685  |d 2131615